| 000 | 00971 am a2200325 a 4500 | ||
|---|---|---|---|
| 005 | 20231218105823.0 | ||
| 008 | 100812s2007||||sp a f |||| 001 0 spa d | ||
| 020 | _a9789687988894 | ||
| 041 | _aspa | ||
| 092 |
_c611 _l53 _sMOO |
||
| 100 | 1 |
_aMoore, Keith L. _9137 |
|
| 245 |
_aAnatomía con orientación clínica / _cKeith L. Moore. |
||
| 250 | _a5a ed. | ||
| 260 |
_aMadrid: _bEditorial Médica Panamericana; _c2007. |
||
| 300 |
_a1205 p. _bil. |
||
| 500 | _aMoore, K. (2007). Anatomía con orientación clínica. (5a ed.). México : Editorial Médica Panamericana. | ||
| 653 | _aIntroducción a la anatomía con orientación clínica | ||
| 653 | _aTórax | ||
| 653 | _aAbdomen | ||
| 653 | _aPelvis y perineo | ||
| 653 | _aEspalda | ||
| 653 | _aMiembro inferior | ||
| 653 | _aMiembro superior | ||
| 653 | _aCabeza | ||
| 653 | _aCuello | ||
| 653 | _aNervios craneales | ||
| 700 | 1 |
_aDalley, Arthur F. _91315 |
|
| 930 | _a3861 | ||
| 942 |
_2ddc _cBK |
||
| 999 |
_c2408 _d2408 |
||